Squid Game 1 Quiz - Statistics

General Stats
  • This quiz has been taken 70 times
  • The average score is 6 of 21
Answer Stats
Question Answer % Correct
What is the first game? Red Light Green Light
94%
What is the second game? Dalgona
56%
What was the third game? Tug of War
48%
What was the final game? Squid Game
46%
What was the fifth game? Glass Bridge
44%
What was the fourth game? Marbles
44%
What was 456's name? Seong Gi-Hun
40%
What number did Sang Woo have? 218
38%
What was the name of Player 067? Kang Sae Byeok
36%
How much glasses in the fifth game? 18
30%
How much players died in game 1? 255
26%
How did Oh Il Nam die? Brain tumor
20%
Why did Jun Ho infiltrate the games? To find his brother
20%
Who was the Host? Oh Il Nam
18%
Who won the games? Player 456
18%
Who was the player surgeon? Player 111
16%
What were the results of voting after game 1? 100-101
8%
When did the games begin? 1988
8%
Who was the p@rvert VIP? VIP 4
6%
Which known guards were organ harvesters? 28, 29
2%
What did 119 do after Dalgona? Force a guard to take off his mask
0%
No matching quizzes found
Score Distribution
Percent of People with Each Score
Percentile by Number Answered
Your Score History
You have not taken this quiz